Quiz o XIX wieku - Statystyki

Ogólne statystyki
  • Ten quiz został rozwiązany 93 razy
  • Średni wynik to 10 z 23
Statystyki odpowiedzi
Hint Odpowiedź % Poprawnych
Pierwszy cesarz Francuzów Napoleon Bonaparte
99%
Rok, w którym Napoleon ruszył na Moskwę 1812
81%
Rok wybuchu Wiosny Ludów 1848
73%
Kiedy wybuchła wojna secesyjna w USA? 1861
65%
Rok, w którym proklamowano utworzenie Cesarstwa Niemieckiego 1871
64%
Rok wybuchu wojny krymskiej 1853
61%
Kiedy wybuchła wojna prusko-austriacka? (rok) 1866
56%
Rok nadania Statutu Organicznego dla Kongresowego Królestwa Polskiego 1832
53%
Rok założenia II Cesarstwa Francuskiego 1852
53%
Kto zasiadł na tronie tego cesarstwa? Napoleon III
53%
Bitwa, która ostatecznie przypieczętowała upadek Napoleona Bitwa pod Waterloo
51%
Rok wybuchu X wojny rosyjsko-tureckiej 1877
33%
Postać, która w znacznym stopniu przyczyniłasię do zjednoczenia Włoch Giuseppe Garibaldi
33%
Rok koronacji królowej Wiktorii 1838
29%
Rok zniesienia niewolnictwa w Imperium Brytyjskim (rok) 1834
28%
Rok wybuchu II wojny opiumowej 1857
28%
Rok, w którym Bismarck podał się do dymisji 1890
28%
W jakiej bitwie siły pruskie schwytały NapoleonaIII podczas wojny francusko-pruskiej? Bitwa pod Sedanem
19%
Jak nazywała się konferencja, na której państwaeuropejskie podzieliły między siebie Afrykę? Konferencja Berlińska
18%
Jak nazywał się kongres, który oficjalnie kończyłtę wojnę? Kongres Berliński
15%
W jakim mieście przebywał Bismarck, kiedy dowiedział się o tym, że został premierem Prus? W Paryżu
13%
Minister spraw zagranicznych Wielkiej Brytanii,który odegrał kluczową role m.in. w projekcie "Pax Brittanica" oraz w Kongresie Wiedeńskim Robert Stewart / Castlereagh
9%
Arcyksiążę austriacki, który podczas wojen napoleońskich chciał zreformować wojsko Habsburgów Karol Ludwik Habsburg
3%
Nie znaleziono quizów pasujących do podanych kryteriów
Rozkład punktacji
Procent ludzi z każdym wynikiem
Percentyl według liczby udzielonych odpowiedzi
Twoja historia wyników
Nie rozwiązałeś tego quizu